| 000 | 00988cam a2200205 4500 | ||
|---|---|---|---|
| 001 | ABS63369 | ||
| 008 | 000000n2000 000 0 eng u | ||
| 035 | _a(Sirsi) u110395 | ||
| 110 | _aCentre for Accessible Environments | ||
| 245 | _aIdeas into practice: update on the National Register | ||
| 260 | _c2000 | ||
| 490 |
_aAccess by Design _v(85) Winter 2000, 8-10(3) |
||
| 520 | _aDiscusses the Centre for Accessible Environments' project to establish the National Register of Access Consultants, which was officially launched to clients on 12 September 2000, including its background, aims and function; the benefits for clients and members; the application process; and its future development. | ||
| 590 | _aABS | ||
| 650 | _aNATIONAL REGISTER OF ACCESS CONSULTANTS | ||
| 650 | _aMANAGEMENT-BUSINESS MANAGEMENT-DISCRIMINATION-DISABILITY DISCRIMINATION-ACCESSIBILITY-ACCESS AUDITS | ||
| 650 | _aDISABILITY DISCRIMINATION ACT 1995 | ||
| 690 | _aBUILT ENVIRONMENT | ||
| 942 | _n0 | ||
| 999 |
_c65816 _d65816 |
||